History Quiz

Random History or Border Quiz

Countries Currently at War/Conflict Quiz Stats

Quiz not verified by Sporcle

Challenge
Share
Tweet
Embed
Score 0/15 Timer 05:00
0 Plays Today
Start of Conflict Country/Region % Correct
2003 (war)Iraq
93.6%
2001 (war on terror)Afghanistan
91.6%
Forever (war)Israel/Palestine
68.1%
2005 (civil war)Chad/Sudan
62.2%
2006 (drug war)Mexico
61.7%
1964 (armed conflict)Colombia
58.8%
2004 (war)Pakistan
58%
1991 (civil war)Somalia
56.3%
Start of Conflict Country/Region % Correct
2009 (insurgency)Russia/Chechnya
55.7%
1967/1989 (insurgency)India
49.2%
2004 (conflict)Nigeria
28.2%
1978 (conflict)Turkey/Iraqi Kurdistan
27.7%
2004 (insurgency)Yemen
26.2%
1998 (war/continued conflict)Democratic Republic of Congo
23.6%
1969 (insurgency)Philippines
16.5%

You're not logged in!

Compare scores with friends on all Sporcle quizzes.
Sign Up with Email
OR
Log In

You Might Also Like...

Show Comments

Extras

Top Quizzes Today


Score Distribution

Your Account Isn't Verified!

In order to create a playlist on Sporcle, you need to verify the email address you used during registration. Go to your Sporcle Settings to finish the process.